000 00919nam a22001697a 4500
005 20241204152147.0
008 230712b ||||| |||| 00| 0 eng d
040 _cSSBUL
082 _223
_a၃၂၀.၉၅၉၁ တပ်
_b၁၆၁၃၈ (S-SAT)
100 _aတပ်မတော်သားတစ်ဦး။
_927798
245 _aငရဲခန်းများအတွင်းကဖြတ်သန်းခဲ့ရသောမြန်မာပြည် /
_cတပ်မတော်သားတစ်ဦး။
260 _aရန်ကုန် ၊
_bကြေးမုံသတင်းစာတိုက်၊
_c၁၉၉၀။
300 _a၂၀၅ စာမျက်နှာ၊
_c၂၃ စင်တီ။
500 _aS-SAT: Dr. Sai Aung Tun Collection
651 _aမြန်မာနိုင်ငံ
_xနိုင်ငံရေးနှင့်အစိုးရ။
942 _2ddc
_cBK1
999 _c27064
_d27064